书目信息 |
| 书名: | Principles of Surface Physics | |
| 作者: | by F.Bechstedt. | |
| 分册号: | ||
| 分册名: | 出版地: | 北京 : |
|
| 出版社: | 科学出版社 | |
| 出版时间: | 2007. | |
| 页数: | 342 p. ; | |
| 开本: | 22cm. | |
| 丛书名: | 国外物理名著系列(影印版) | |
| 中图分类号: | ||
| 科图分类号: | ||
| 其他分类号: | O485 | |
| 主题词: | ||
| 电子资源: | ||
| 000 | 00552nam 2200193 a 4500 | |
| 001 | E0832937320 | |
| 005 | 20080422093151.34 | |
| 008 | 080422s2007 00010 eng | |
| 020 | @a978-7-03-018788-8 :@cCNY58.00. | |
| 040 | @aPFT@bchi | |
| 041 | @aeng@heng | |
| 090 | @aO485 | |
| 099 | @dO485@ex7 | |
| 245 | @aPrinciples of Surface Physics / @cby F.Bechstedt. | |
| 246 | @a表面物理原理 | |
| 250 | @a本书英文影印版由德国施普林格出版公司授权出版. | |
| 260 | @a北京 :@b科学出版社,@c2007. | |
| 300 | @a342 p. ;@c22cm. | |
| 440 | @a国外物理名著系列(影印版)@n2 | |
| Principles of Surface Physics / / by F.Bechstedt.-本书英文影印版由德国施普林格出版公司授权出版.-北京 : : 科学出版社, , 2007. |
| 342 p. ; ; 22cm.- (国外物理名著系列(影印版) 2) |
| ISBN 978-7-03-018788-8 :CNY58.00. |
| ● |
| 相关链接 |
|
|
|
|
正题名:Principles of Surface Physics
索取号:O485/x7
 
预约/预借
| 序号 | 登录号 | 条形码 | 馆藏地/架位号 | 状态 | 备注 |
| 1 | 0017657 | 300176574 | 第二样本阅览室/ [索取号:O485/x7] | 在馆 | |
| 2 | 0017658 | 300176583 | 第四借阅区/ [索取号:O485/x7] | 在馆 | |
| 3 | 0017659 | 300176592 | 第四借阅区/ [索取号:O485/x7] | 在馆 | |
| 4 | 0017660 | 300176609 | 第四借阅区/ [索取号:O485/x7] | 在馆 |